[Event "GER-chT U20 Girls"]
[Site "Braunschweig"]
[Date "2019.12.29"]
[Round "6.2"]
[White "Schnabel, Luise"]
[Black "Rudolph, Eva"]
[Result "1/2-1/2"]
[WhiteElo "1836"]
[BlackElo "1711"]
[PlyCount "46"]
[EventDate "2019.12.27"]
[EventType "team-swiss"]
[EventRounds "7"]
[EventCountry "GER"]
[SourceTitle "CBM 194 Extra"]
[Source "ChessBase"]
[SourceDate "2020.03.31"]
[SourceVersion "1"]
[SourceVersionDate "2020.03.31"]
[SourceQuality "1"]
[WhiteTeam "Harksheide"]
[BlackTeam "Duesseldorf SK"]
[WhiteTeamCountry "GER"]
[BlackTeamCountry "GER"]

1. e4 c5 2. Nc3 Nc6 3. g3 g6 4. Bg2 Bg7 5. d3 e6 6. f4 Nge7 7. Nf3 0-0 8. Be3 b6 9. e5 d6 10. exd6 Qxd6 11. Bf2 Bb7 12. 0-0 Rfd8 13. Ng5 Qd7 14. Rb1 Nd5 15. Nce4 Rab8 16. Qd2 Nd4 17. c3 Nc6 18. Nf3 Nf6 19. Nxf6+ Bxf6 20. Rfd1 Bg7 21. Rbc1 Rbc8 22. Qe1 Qe7 23. Rc2 Rd6 1/2-1/2

[Event "GER-chT Lands U20"]
[Site "Wuerzburg"]
[Date "2019.10.06"]
[Round "7.1"]
[White "Haubold, Sebastian Marcel"]
[Black "Schnabel, Luise"]
[Result "1-0"]
[WhiteElo "1585"]
[BlackElo "1900"]
[PlyCount "119"]
[EventDate "2019.10.01"]
[EventType "team-swiss"]
[EventRounds "7"]
[EventCountry "GER"]
[SourceTitle "EXT 2020"]
[Source "ChessBase"]
[SourceDate "2019.10.17"]
[SourceVersion "1"]
[SourceVersionDate "2019.10.17"]
[SourceQuality "1"]
[WhiteTeam "Sachsen Anhalt"]
[BlackTeam "Berlin"]
[WhiteTeamCountry "GER"]
[BlackTeamCountry "GER"]

1. e4 Nf6 2. e5 Nd5 3. c4 Nb6 4. d4 d6 5. f4 dxe5 6. fxe5 Bf5 7. Be3 e6 8. Nc3 Bb4 9. Be2 c5 10. Nf3 Nc6 11. 0-0 Bxc3 12. bxc3 Rc8 13. Qd2 Na5 14. dxc5 Qxd2 15. Nxd2 Nd7 16. Nb3 Nxb3 17. axb3 a6 18. b4 Nxe5 19. Bd4 f6 20. Bxe5 fxe5 21. Rad1 Ke7 22. Rfe1 e4 23. Rd6 Rhd8 24. Red1 Bg6 25. Bg4 Bf5 26. Bxf5 exf5 27. Kf2 Rxd6 28. Rxd6 Rd8 29. Rb6 Rd3 30. Rxb7+ Kd8 31. b5 axb5 32. cxb5 Rxc3 33. c6 Rc5 34. Ke3 g5 35. g3 h6 36. Kd4 Rc2 37. Rd7+ Kc8 38. Ke5 e3 39. Rd3 e2 40. Re3 Kc7 41. Kxf5 Rc5+ 42. Kg6 Rxb5 43. Rxe2 Kxc6 44. Kxh6 Kd6 45. Kg6 Rc5 46. Kh5 Rb5 47. Kg4 Kd7 48. h4 gxh4 49. Kxh4 Rb1 50. g4 Rg1 51. Kh5 Rh1+ 52. Kg6 Rg1 53. g5 Rg3 54. Kh6 Rh3+ 55. Kg7 Rg3 56. g6 Rg1 57. Kh7 Rh1+ 58. Kg8 Rg1 59. g7 Rg3 60. Rh2 1-0

[Event "EU Union-ch U14"]
[Site "Kouty nad Desnou"]
[Date "2018.08.12"]
[Round "6"]
[White "Schnabel, Luise"]
[Black "Reuter, Elisa"]
[Result "1-0"]
[WhiteElo "1772"]
[BlackElo "1848"]
[PlyCount "79"]
[EventDate "2018.08.07"]
[EventType "swiss"]
[EventRounds "9"]
[EventCountry "CZE"]
[SourceTitle "CBM 186 Extra"]
[Source "ChessBase"]
[SourceDate "2018.08.24"]
[SourceVersion "1"]
[SourceVersionDate "2018.08.24"]
[SourceQuality "1"]

1. e4 c5 2. Nf3 g6 3. d4 cxd4 4. Nxd4 Bg7 5. Nc3 Nc6 6. Nb3 Nf6 7. Be2 0-0 8. 0-0 a5 9. a4 d6 10. Bg5 Be6 11. f4 Rc8 12. Bf3 Nd7 13. Re1 Nb6 14. Kh1 Nc4 15. Nd5 h6 16. Bh4 Bxb2 17. Rb1 Bg7 18. Nd2 Nxd2 19. Qxd2 Rb8 20. Re3 Re8 21. Reb3 Qc8 22. c3 Bxd5 23. exd5 Nd8 24. Be2 f6 25. Bb5 Rf8 26. c4 Qf5 27. Re1 g5 28. Bg3 e5 29. dxe6 Nxe6 30. Bd7 Qc5 31. Bxe6+ Kh8 32. fxg5 fxg5 33. Bxd6 Rfd8 34. Bxc5 Rxd2 35. Bd5 Ra2 36. Rxb7 Rxb7 37. Bxb7 Kh7 38. Be4+ Kg8 39. Bc6 Bc3 40. Rf1 1-0

[Event "EU Union-ch U14"]
[Site "Kouty nad Desnou"]
[Date "2018.08.11"]
[Round "5"]
[White "Mierins, Emils Janis"]
[Black "Schnabel, Luise"]
[Result "0-1"]
[WhiteElo "1326"]
[BlackElo "1772"]
[PlyCount "88"]
[EventDate "2018.08.07"]
[EventType "swiss"]
[EventRounds "9"]
[EventCountry "CZE"]
[SourceTitle "CBM 186 Extra"]
[Source "ChessBase"]
[SourceDate "2018.08.24"]
[SourceVersion "1"]
[SourceVersionDate "2018.08.24"]
[SourceQuality "1"]

1. d4 Nf6 2. Nf3 g6 3. Bf4 Bg7 4. c4 c5 5. g3 0-0 6. Nc3 cxd4 7. Nxd4 d6 8. Nb3 Nc6 9. Bg2 Nh5 10. Bd2 Ne5 11. c5 dxc5 12. Nxc5 Nc4 13. Bd5 Nxd2 14. Qxd2 e6 15. Bf3 Qxd2+ 16. Kxd2 Rd8+ 17. Kc2 Bf8 18. Nb3 Rb8 19. Rad1 Bd7 20. Rd3 Bc6 21. Rhd1 Rxd3 22. Rxd3 Bxf3 23. exf3 Nf6 24. Ne4 Nd5 25. Kb1 Rc8 26. Nc3 Nxc3+ 27. bxc3 Rc7 28. Kb2 Be7 29. Nd4 a6 30. Nb3 Kf8 31. Nd2 Ke8 32. Ne4 Rd7 33. Rxd7 Kxd7 34. h4 h6 35. c4 f5 36. Nc3 Kc6 37. Nd1 Kc5 38. Ne3 Kd4 39. Kc2 Bb4 40. Ng2 e5 41. g4 f4 42. Kb3 Ba5 43. Ka4 Bd8 44. Kb4 Kd3 0-1

[Event "GER-ch U14 Girls"]
[Site "Willingen"]
[Date "2018.05.23"]
[Round "5"]
[White "Schnabel, Luise"]
[Black "Bardorz, Jana"]
[Result "1/2-1/2"]
[WhiteElo "1807"]
[BlackElo "1722"]
[PlyCount "84"]
[EventDate "2018.05.19"]
[EventType "swiss"]
[EventRounds "9"]
[EventCountry "GER"]
[SourceTitle "CBM 184 Extra"]
[Source "ChessBase"]
[SourceDate "2018.06.28"]
[SourceVersion "1"]
[SourceVersionDate "2018.06.28"]
[SourceQuality "1"]

1. e4 e5 2. Nf3 Nc6 3. Bb5 a6 4. Bxc6 dxc6 5. 0-0 f6 6. d4 exd4 7. Nxd4 c5 8. Nf3 Qxd1 9. Rxd1 Bd7 10. Nc3 0-0-0 11. Be3 Bd6 12. Nd2 Be6 13. a4 b6 14. f4 Ne7 15. Nf3 Nc6 16. Rab1 Rhe8 17. Kf2 Bf7 18. g4 Bg6 19. f5 Bf7 20. g5 Ne5 21. Nxe5 Bxe5 22. Rxd8+ Kxd8 23. Nd5 Bxd5 24. exd5 Bd4 25. Bxd4 cxd4 26. gxf6 gxf6 27. Rd1 Re5 28. Rxd4 Rxf5+ 29. Kg3 Kd7 30. c4 Kd6 31. b3 Kc5 32. Rg4 Rg5 33. h4 Rxg4+ 34. Kxg4 Kb4 35. Kf5 Kxb3 36. a5 bxa5 37. c5 a4 38. d6 cxd6 39. cxd6 a3 40. d7 a2 41. d8Q a1Q 42. Qb6+ Kc2 1/2-1/2

[Event "GER-chT U14"]
[Site "Verden an der Aller"]
[Date "2017.12.30"]
[Round "7.3"]
[White "Schnabel, Luise"]
[Black "Zyla, Lennert"]
[Result "0-1"]
[WhiteElo "1740"]
[BlackElo "1931"]
[PlyCount "104"]
[EventDate "2017.12.26"]
[EventType "team-swiss"]
[EventRounds "7"]
[EventCountry "GER"]
[SourceTitle "CBM 182 Extra"]
[Source "ChessBase"]
[SourceDate "2018.02.23"]
[SourceVersion "1"]
[SourceVersionDate "2018.02.23"]
[SourceQuality "1"]
[WhiteTeam "Berlin Mattnetz"]
[BlackTeam "Porz SG"]
[WhiteTeamCountry "GER"]
[BlackTeamCountry "GER"]

1. e4 c5 2. Nf3 e6 3. b3 Nc6 4. Bb2 Nf6 5. e5 Nd5 6. c4 Nf4 7. g3 Ng6 8. Bg2 Be7 9. 0-0 0-0 10. Qe2 d6 11. exd6 Qxd6 12. Nc3 a6 13. h4 Rd8 14. Rfd1 Qc7 15. h5 Nf8 16. Ne4 f5 17. Nc3 Bf6 18. Na4 Nd4 19. Nxd4 Bxd4 20. Bxd4 Rxd4 21. Nc3 Bd7 22. Re1 Bc6 23. Rad1 Bxg2 24. Kxg2 Rad8 25. Kg1 Qd6 26. Nb1 b6 27. Qe5 Qxe5 28. Rxe5 Kf7 29. Rde1 R8d6 30. Kf1 Nd7 31. R5e2 h6 32. f4 Nf6 33. Nc3 Nxh5 34. Kf2 Rxd2 35. Na4 Rxe2+ 36. Rxe2 Nf6 37. Kf3 Ng4 38. Kg2 Kf6 39. a3 e5 40. fxe5+ Nxe5 41. Nc3 Nd7 42. Nd5+ Kg5 43. Re7 g6 44. Kh3 Nf6 45. Nc7 Ng4 46. Rf7 h5 47. Kg2 Rd2+ 48. Kf1 Nh2+ 49. Ke1 Nf3+ 50. Kf1 Kg4 51. Rg7 g5 52. Ne6 Kxg3 0-1

[Event "GER-chT Lands U20"]
[Site "Hannover"]
[Date "2017.10.03"]
[Round "6.7"]
[White "Moenster, Madita"]
[Black "Schnabel, Luise"]
[Result "1/2-1/2"]
[WhiteElo "1859"]
[BlackElo "1645"]
[PlyCount "120"]
[EventDate "2017.09.29"]
[EventType "team-swiss"]
[EventRounds "7"]
[EventCountry "GER"]
[SourceTitle "EXT 2018"]
[Source "ChessBase"]
[SourceDate "2017.10.13"]
[SourceVersion "1"]
[SourceVersionDate "2017.10.13"]
[SourceQuality "1"]
[WhiteTeam "Niedersachsen U20"]
[BlackTeam "Berlin U20"]
[WhiteTeamCountry "GER"]
[BlackTeamCountry "GER"]

1. e4 Nf6 2. e5 Nd5 3. d4 Nb6 4. c4 d6 5. exd6 cxd6 6. Nc3 g6 7. b3 Bg7 8. Bb2 0-0 9. Nf3 Bg4 10. Be2 d5 11. h3 Bxf3 12. Bxf3 e6 13. 0-0 Nc6 14. cxd5 Nxd5 15. Nxd5 exd5 16. Rc1 Qd7 17. Rc5 Ne7 18. Re1 b6 19. Rc2 Rfc8 20. Bg4 f5 21. Bf3 Rxc2 22. Qxc2 Rc8 23. Rxe7 Rxc2 24. Rxd7 Rxb2 25. Bxd5+ Kf8 26. Rf7+ Kg8 27. Rxa7+ Kf8 28. Rf7+ Kg8 29. Rb7+ Kf8 30. Rxb6 Bxd4 31. Ra6 Rxf2 32. Kh1 Be5 33. Bc4 Rd2 34. g4 Rh2+ 35. Kg1 Rxh3 36. gxf5 gxf5 37. Ra5 Re3 38. Kf2 f4 39. a4 h5 40. Rb5 Ke7 41. a5 Bd4 42. Kf1 h4 43. a6 Rf3+ 44. Ke1 Rf2 45. b4 Rf3 46. Ra5 Ba7 47. Rb5 Bd4 48. Rh5 h3 49. Bd5 Ra3 50. b5 f3 51. Kd2 f2 52. Bc4 Ra2+ 53. Kd1 Ra1+ 54. Kd2 f1Q 55. Bxf1 Rxf1 56. Rxh3 Rb1 57. Rh7+ Kd6 58. Rb7 Bg1 59. a7 Bxa7 60. Rxa7 Rxb5 1/2-1/2

[Event "GER-chT Lands U20"]
[Site "Hannover"]
[Date "2017.09.30"]
[Round "1.6"]
[White "Schnabel, Luise"]
[Black "Rudolph, Eva"]
[Result "1-0"]
[WhiteElo "1645"]
[BlackElo "1824"]
[PlyCount "80"]
[EventDate "2017.09.29"]
[EventType "team-swiss"]
[EventRounds "7"]
[EventCountry "GER"]
[SourceTitle "EXT 2018"]
[Source "ChessBase"]
[SourceDate "2017.10.13"]
[SourceVersion "1"]
[SourceVersionDate "2017.10.13"]
[SourceQuality "1"]
[WhiteTeam "Berlin U20"]
[BlackTeam "Nordrhein Westfalen U20"]
[WhiteTeamCountry "GER"]
[BlackTeamCountry "GER"]

1. e4 Nf6 2. e5 Nd5 3. d4 d6 4. c4 Nb6 5. exd6 cxd6 6. Nc3 g6 7. Bd3 Bg7 8. Be3 0-0 9. Nge2 Nc6 10. 0-0 Nb4 11. b3 Nxd3 12. Qxd3 Bd7 13. Rac1 Be8 14. Rfe1 d5 15. c5 Nc8 16. b4 e6 17. b5 Ne7 18. Bf4 Nf5 19. h3 g5 20. Bh2 h5 21. Nd1 Qa5 22. Ndc3 Qd8 23. Rc2 g4 24. hxg4 hxg4 25. Bf4 Qh4 26. Nd1 Bh6 27. Bc7 Kg7 28. Ng3 Nxg3 29. Bxg3 Qh5 30. c6 bxc6 31. bxc6 Rh8 32. Kf1 Qh1+ 33. Ke2 Qxg2 34. c7 Rc8 35. Nc3 Bg5 36. Rb2 Rh3 37. Rb8 Rxc7 38. Rxe8 Bf4 39. Qc2 Qf3+ 40. Kf1 Rh1# 1-0

[Event "GER-ch U14 Girls"]
[Site "Willingen"]
[Date "2017.06.06"]
[Round "4"]
[White "Basovskiy, Jana"]
[Black "Schnabel, Luise"]
[Result "1-0"]
[WhiteElo "1751"]
[BlackElo "1706"]
[PlyCount "114"]
[EventDate "2017.06.04"]
[EventType "swiss"]
[EventRounds "9"]
[EventCountry "GER"]
[SourceTitle "CBM 178 Extra"]
[Source "ChessBase"]
[SourceDate "2017.06.22"]
[SourceVersion "1"]
[SourceVersionDate "2017.06.22"]
[SourceQuality "1"]

1. e4 Nf6 2. e5 Nd5 3. d4 d6 4. c4 Nb6 5. exd6 cxd6 6. Nc3 g6 7. Be3 Bg7 8. Rc1 0-0 9. Nf3 Nc6 10. b3 Bg4 11. Be2 d5 12. c5 Nc8 13. 0-0 e6 14. h3 Bxf3 15. Bxf3 N8e7 16. Qd2 Nf5 17. Ne2 Nh4 18. Bg4 f5 19. Bg5 Bf6 20. Bxh4 Bxh4 21. Bf3 Bg5 22. Nf4 Qf6 23. Rfd1 Rac8 24. Qe3 Rfe8 25. g3 b6 26. h4 Bxf4 27. Qxf4 bxc5 28. dxc5 Ne5 29. Be2 Kg7 30. Qa4 Re7 31. c6 Rec7 32. Ba6 Rb8 33. Bb7 Nf3+ 34. Kg2 Ne5 35. Qxa7 Re8 36. Qb6 Ree7 37. a4 f4 38. gxf4 Qxf4 39. Qe3 Qg4+ 40. Qg3 Qe4+ 41. f3 Qe2+ 42. Qf2 Qxf2+ 43. Kxf2 Rf7 44. b4 Rxf3+ 45. Ke2 Rb3 46. b5 Rb4 47. Ra1 Nc4 48. Rdb1 Nb2 49. Kd2 Rxa4 50. Rxa4 Nxa4 51. b6 Nxb6 52. Rxb6 Kf6 53. Ke3 e5 54. Ra6 Kf5 55. Ra8 Ke6 56. Re8+ Kd6 57. Rd8+ Ke6 1-0

[Event "GER-chT U14 Girls"]
[Site "Duesseldorf"]
[Date "2016.12.29"]
[Round "6.2"]
[White "Schnabel, Luise"]
[Black "Reuter, Elisa"]
[Result "1/2-1/2"]
[WhiteElo "1648"]
[BlackElo "1547"]
[PlyCount "53"]
[EventDate "2016.12.27"]
[EventType "team-swiss"]
[EventRounds "7"]
[EventCountry "GER"]
[SourceTitle "EXT 2018"]
[Source "ChessBase"]
[SourceDate "2017.10.13"]
[SourceVersion "1"]
[SourceVersionDate "2017.10.13"]
[SourceQuality "1"]
[WhiteTeam "Berlin Schachpinguine"]
[BlackTeam "Erfurt Empor"]
[WhiteTeamCountry "GER"]
[BlackTeamCountry "GER"]

1. e4 c5 2. Nf3 Nc6 3. d4 cxd4 4. Nxd4 g6 5. c4 Bg7 6. Be3 Nf6 7. Nc3 0-0 8. Be2 d6 9. 0-0 Bd7 10. Qd2 Nxd4 11. Bxd4 Bc6 12. f3 a5 13. b3 Nd7 14. Be3 Nc5 15. Rab1 Qb6 16. Rfc1 Rfc8 17. Rc2 Qd8 18. a3 h5 19. b4 axb4 20. axb4 Na4 21. Nd1 Kh7 22. Nf2 Qh8 23. Rbc1 Bb2 24. Rb1 Bg7 25. Rbc1 Bb2 26. Rb1 Bg7 27. Rbc1 1/2-1/2

[Event "GER-chT Lands U20"]
[Site "Hannover"]
[Date "2016.10.01"]
[Round "1.7"]
[White "Schnabel, Luise"]
[Black "Braun, Kristin"]
[Result "0-1"]
[WhiteElo "1576"]
[BlackElo "1833"]
[PlyCount "74"]
[EventDate "2016.10.01"]
[EventType "team-swiss"]
[EventRounds "7"]
[EventCountry "GER"]
[SourceTitle "CBM 174 Extra"]
[Source "ChessBase"]
[SourceDate "2016.10.10"]
[SourceVersion "1"]
[SourceVersionDate "2016.10.10"]
[SourceQuality "1"]
[WhiteTeam "Berlin"]
[BlackTeam "Bayern"]
[WhiteTeamCountry "GER"]
[BlackTeamCountry "GER"]

1. e4 c5 2. Nf3 d6 3. d4 cxd4 4. Nxd4 Nf6 5. Nc3 g6 6. Be2 Bg7 7. Be3 Nc6 8. Qd2 0-0 9. f4 Nxd4 10. Bxd4 Be6 11. 0-0 Qa5 12. Rfd1 Rfc8 13. Bxf6 Bxf6 14. Nd5 Qc5+ 15. Kf1 Bxd5 16. exd5 Qxc2 17. Qxc2 Rxc2 18. Rab1 Rac8 19. Bd3 R2c5 20. Be2 R8c7 21. g4 Rc2 22. h3 Rxb2 23. Rbc1 Rxc1 24. Rxc1 Rxa2 25. Rc7 Rb2 26. g5 Bd4 27. Rxe7 Kf8 28. Rd7 Bc5 29. Bg4 b5 30. Ke1 Rf2 31. Rd8+ Kg7 32. Bd7 b4 33. Bc6 Rxf4 34. Kd2 Rf2+ 35. Kd3 Rf3+ 36. Kc4 a6 37. Be8 Rc3# 0-1